000 00452nam a2200181Ia 4500
001 17546
005 20260306171525.0
008 260306s9999||||xx |||||||||||||| ||und||
041 _aESP
082 _a658.022
_bCH535
100 _aChávez O'Brien, Eliana,
_eAUT
245 0 _aCómo se financian las microempresas y el agro
260 _c1994
300 _a233 páginas :
_c21 cm.
650 _aGEN
654 _aCAN
942 _cLIB
_dJUS
_fJUS
_2ddc
_n
999 _c17546
_d17546